Famous Explorers by Picture - Statistics

General Stats
  • This quiz has been taken 165 times
  • The average score is 9 of 15
Answer Stats
Picture Answer % Correct
Neil Armstrong
93%
Christopher Columbus
91%
James Cook
83%
Amelia Earhart
82%
Buzz Aldrin
81%
Marco Polo
79%
Vasco da Gama
71%
Ferdinand Magellan
69%
William Clark
49%
Meriwether Lewis
46%
Roald Amundsen
45%
Jacques-Yves Cousteau
35%
Henry Hudson
34%
Abel Tasman
27%
Samuel de Champlain
12%
No matching quizzes found
Score Distribution
Percent of People with Each Score
Percentile by Number Answered
Your Score History
You have not taken this quiz